Type Each Country of the World 10 Times in Alphabetical Order - Statistics

General Stats
  • This quiz has been taken 6 times
  • The average score is 773 of 1960
Answer Stats
Answer % Correct
Afghanistan
100%
Afghanistan
100%
Afghanistan
80%
Afghanistan
80%
Afghanistan
80%
Afghanistan
80%
Afghanistan
80%
Afghanistan
80%
Afghanistan
80%
Afghanistan
80%
Albania
80%
Albania
80%
Albania
80%
Albania
80%
Albania
80%
Albania
80%
Albania
80%
Albania
80%
Albania
80%
Albania
80%
Algeria
80%
Algeria
80%
Algeria
80%
Algeria
80%
Algeria
80%
Algeria
60%
Algeria
60%
Algeria
60%
Algeria
60%
Algeria
60%
Andorra
40%
Andorra
40%
Andorra
40%
Andorra
40%
Andorra
40%
Andorra
40%
Andorra
40%
Andorra
40%
Andorra
40%
Andorra
40%
Angola
40%
Angola
40%
Angola
40%
Angola
40%
Angola
40%
Angola
40%
Angola
40%
Angola
40%
Angola
40%
Angola
40%
Antigua and Barbuda
40%
Antigua and Barbuda
40%
Antigua and Barbuda
40%
Antigua and Barbuda
40%
Antigua and Barbuda
40%
Antigua and Barbuda
40%
Antigua and Barbuda
40%
Antigua and Barbuda
40%
Antigua and Barbuda
40%
Antigua and Barbuda
40%
Argentina
40%
Argentina
40%
Argentina
40%
Argentina
40%
Argentina
40%
Argentina
40%
Argentina
40%
Argentina
40%
Argentina
40%
Argentina
40%
Armenia
40%
Armenia
40%
Armenia
40%
Armenia
40%
Armenia
40%
Armenia
40%
Armenia
40%
Armenia
40%
Armenia
40%
Armenia
40%
Australia
40%
Australia
40%
Australia
40%
Australia
40%
Australia
40%
Australia
40%
Australia
40%
Australia
40%
Australia
40%
Australia
40%
Austria
40%
Austria
40%
Austria
40%
Austria
40%
Austria
40%
Austria
40%
Austria
40%
Austria
40%
Austria
40%
Austria
40%
Azerbaijan
40%
Azerbaijan
40%
Azerbaijan
40%
Azerbaijan
40%
Azerbaijan
40%
Azerbaijan
40%
Azerbaijan
40%
Azerbaijan
40%
Azerbaijan
40%
Azerbaijan
40%
Bahamas
40%
Bahamas
40%
Bahamas
40%
Bahamas
40%
Bahamas
40%
Bahamas
40%
Bahamas
40%
Bahamas
40%
Bahamas
40%
Bahamas
40%
Bahrain
40%
Bahrain
40%
Bahrain
40%
Bahrain
40%
Bahrain
40%
Bahrain
40%
Bahrain
40%
Bahrain
40%
Bahrain
40%
Bahrain
40%
Bangladesh
40%
Bangladesh
40%
Bangladesh
40%
Bangladesh
40%
Bangladesh
40%
Bangladesh
40%
Bangladesh
40%
Bangladesh
40%
Bangladesh
40%
Bangladesh
40%
Barbados
40%
Barbados
40%
Barbados
40%
Barbados
40%
Barbados
40%
Barbados
40%
Barbados
40%
Barbados
40%
Barbados
40%
Barbados
40%
Belarus
40%
Belarus
40%
Belarus
40%
Belarus
40%
Belarus
40%
Belarus
40%
Belarus
40%
Belarus
40%
Belarus
40%
Belarus
40%
Belgium
40%
Belgium
40%
Belgium
40%
Belgium
40%
Belgium
40%
Belgium
40%
Belgium
40%
Belgium
40%
Belgium
40%
Belgium
40%
Belize
40%
Belize
40%
Belize
40%
Belize
40%
Belize
40%
Belize
40%
Belize
40%
Belize
40%
Belize
40%
Belize
40%
Benin
40%
Benin
40%
Benin
40%
Benin
40%
Benin
40%
Benin
40%
Benin
40%
Benin
40%
Benin
40%
Benin
40%
Bhutan
40%
Bhutan
40%
Bhutan
40%
Bhutan
40%
Bhutan
40%
Bhutan
40%
Bhutan
40%
Bhutan
40%
Bhutan
40%
Bhutan
40%
Bolivia
40%
Bolivia
40%
Bolivia
40%
Bolivia
40%
Bolivia
40%
Bolivia
40%
Bolivia
40%
Bolivia
40%
Bolivia
40%
Bolivia
40%
Bosnia and Herzegovina
40%
Bosnia and Herzegovina
40%
Bosnia and Herzegovina
40%
Bosnia and Herzegovina
40%
Bosnia and Herzegovina
40%
Bosnia and Herzegovina
40%
Bosnia and Herzegovina
40%
Bosnia and Herzegovina
40%
Bosnia and Herzegovina
40%
Bosnia and Herzegovina
40%
Botswana
40%
Botswana
40%
Botswana
40%
Botswana
40%
Botswana
40%
Botswana
40%
Botswana
40%
Botswana
40%
Botswana
40%
Botswana
40%
Brazil
40%
Brazil
40%
Brazil
40%
Brazil
40%
Brazil
40%
Brazil
40%
Brazil
40%
Brazil
40%
Brazil
40%
Brazil
40%
Brunei
40%
Brunei
40%
Brunei
40%
Brunei
40%
Brunei
40%
Brunei
40%
Brunei
40%
Brunei
40%
Brunei
40%
Brunei
40%
Bulgaria
40%
Bulgaria
40%
Bulgaria
40%
Bulgaria
40%
Bulgaria
40%
Bulgaria
40%
Bulgaria
40%
Bulgaria
40%
Bulgaria
40%
Bulgaria
40%
Burkina Faso
40%
Burkina Faso
40%
Burkina Faso
40%
Burkina Faso
40%
Burkina Faso
40%
Burkina Faso
40%
Burkina Faso
40%
Burkina Faso
40%
Burkina Faso
40%
Burkina Faso
40%
Burundi
40%
Burundi
40%
Burundi
40%
Burundi
40%
Burundi
40%
Burundi
40%
Burundi
40%
Burundi
40%
Burundi
40%
Burundi
40%
Cambodia
40%
Cambodia
40%
Cambodia
40%
Cambodia
40%
Cambodia
40%
Cambodia
40%
Cambodia
40%
Cambodia
40%
Cambodia
40%
Cambodia
40%
Cameroon
40%
Cameroon
40%
Cameroon
40%
Cameroon
40%
Cameroon
40%
Cameroon
40%
Cameroon
40%
Cameroon
40%
Cameroon
40%
Cameroon
40%
Canada
40%
Canada
40%
Canada
40%
Canada
40%
Canada
40%
Canada
40%
Canada
40%
Canada
40%
Canada
40%
Canada
40%
Cape Verde
40%
Cape Verde
40%
Cape Verde
40%
Cape Verde
40%
Cape Verde
40%
Cape Verde
40%
Cape Verde
40%
Cape Verde
40%
Cape Verde
40%
Cape Verde
40%
Central African Republic
40%
Central African Republic
40%
Central African Republic
40%
Central African Republic
40%
Central African Republic
40%
Central African Republic
40%
Central African Republic
40%
Central African Republic
40%
Central African Republic
40%
Central African Republic
40%
Chad
40%
Chad
40%
Chad
40%
Chad
40%
Chad
40%
Chad
40%
Chad
40%
Chad
40%
Chad
40%
Chad
40%
Chile
40%
Chile
40%
Chile
40%
Chile
40%
Chile
40%
Chile
40%
Chile
40%
Chile
40%
Chile
40%
Chile
40%
China
40%
China
40%
China
40%
China
40%
China
40%
China
40%
China
40%
China
40%
China
40%
China
40%
Colombia
40%
Colombia
40%
Colombia
40%
Colombia
40%
Colombia
40%
Colombia
40%
Colombia
40%
Colombia
40%
Colombia
40%
Colombia
40%
Comoros
40%
Comoros
40%
Comoros
40%
Comoros
40%
Comoros
40%
Comoros
40%
Comoros
40%
Comoros
40%
Comoros
40%
Comoros
40%
Costa Rica
40%
Costa Rica
40%
Costa Rica
40%
Costa Rica
40%
Costa Rica
40%
Costa Rica
40%
Costa Rica
40%
Costa Rica
40%
Costa Rica
40%
Costa Rica
40%
Croatia
40%
Croatia
40%
Croatia
40%
Croatia
40%
Croatia
40%
Croatia
40%
Croatia
40%
Croatia
40%
Croatia
40%
Croatia
40%
Cuba
40%
Cuba
40%
Cuba
40%
Cuba
40%
Cuba
40%
Cuba
40%
Cuba
40%
Cuba
40%
Cuba
40%
Cuba
40%
Cyprus
40%
Cyprus
40%
Cyprus
40%
Cyprus
40%
Cyprus
40%
Cyprus
40%
Cyprus
40%
Cyprus
40%
Cyprus
40%
Cyprus
40%
Czechia
40%
Czechia
40%
Czechia
40%
Czechia
40%
Czechia
40%
Czechia
40%
Czechia
40%
Czechia
40%
Czechia
40%
Czechia
40%
Democratic Republic of the Congo
40%
Democratic Republic of the Congo
40%
Democratic Republic of the Congo
40%
Democratic Republic of the Congo
40%
Democratic Republic of the Congo
40%
Democratic Republic of the Congo
40%
Democratic Republic of the Congo
40%
Democratic Republic of the Congo
40%
Democratic Republic of the Congo
40%
Democratic Republic of the Congo
40%
Denmark
40%
Denmark
40%
Denmark
40%
Denmark
40%
Denmark
40%
Denmark
40%
Denmark
40%
Denmark
40%
Denmark
40%
Denmark
40%
Djibouti
40%
Djibouti
40%
Djibouti
40%
Djibouti
40%
Djibouti
40%
Djibouti
40%
Djibouti
40%
Djibouti
40%
Djibouti
40%
Djibouti
40%
Dominica
40%
Dominica
40%
Dominica
40%
Dominica
40%
Dominica
40%
Dominica
40%
Dominica
40%
Dominica
40%
Dominica
40%
Dominica
40%
Dominican Republic
40%
Dominican Republic
40%
Dominican Republic
40%
Dominican Republic
40%
Dominican Republic
40%
Dominican Republic
40%
Dominican Republic
40%
Dominican Republic
40%
Dominican Republic
40%
Dominican Republic
40%
East Timor
40%
East Timor
40%
East Timor
40%
East Timor
40%
East Timor
40%
East Timor
40%
East Timor
40%
East Timor
40%
East Timor
40%
East Timor
40%
Ecuador
40%
Ecuador
40%
Ecuador
40%
Ecuador
40%
Ecuador
40%
Ecuador
40%
Ecuador
40%
Ecuador
40%
Ecuador
40%
Ecuador
40%
Egypt
40%
Egypt
40%
Egypt
40%
Egypt
40%
Egypt
40%
Egypt
40%
Egypt
40%
Egypt
40%
Egypt
40%
Egypt
40%
El Salvador
40%
El Salvador
40%
El Salvador
40%
El Salvador
40%
El Salvador
40%
El Salvador
40%
El Salvador
40%
El Salvador
40%
El Salvador
40%
El Salvador
40%
Equatorial Guinea
40%
Equatorial Guinea
40%
Equatorial Guinea
40%
Equatorial Guinea
40%
Equatorial Guinea
40%
Equatorial Guinea
40%
Equatorial Guinea
40%
Equatorial Guinea
40%
Equatorial Guinea
40%
Equatorial Guinea
40%
Eritrea
40%
Eritrea
40%
Eritrea
40%
Eritrea
40%
Eritrea
40%
Eritrea
40%
Eritrea
40%
Eritrea
40%
Eritrea
40%
Eritrea
40%
Estonia
40%
Estonia
40%
Estonia
40%
Estonia
40%
Estonia
40%
Estonia
40%
Estonia
40%
Estonia
40%
Estonia
40%
Estonia
40%
Eswatini
40%
Eswatini
40%
Eswatini
40%
Eswatini
40%
Eswatini
40%
Eswatini
40%
Eswatini
40%
Eswatini
40%
Eswatini
40%
Eswatini
40%
Ethiopia
40%
Ethiopia
40%
Ethiopia
40%
Ethiopia
40%
Ethiopia
40%
Ethiopia
40%
Ethiopia
40%
Ethiopia
40%
Ethiopia
40%
Ethiopia
40%
Federated States of Micronesia
40%
Federated States of Micronesia
40%
Federated States of Micronesia
40%
Federated States of Micronesia
40%
Federated States of Micronesia
40%
Federated States of Micronesia
40%
Federated States of Micronesia
40%
Federated States of Micronesia
40%
Federated States of Micronesia
40%
Federated States of Micronesia
40%
Fiji
40%
Fiji
40%
Fiji
40%
Fiji
40%
Fiji
40%
Fiji
40%
Fiji
40%
Fiji
40%
Fiji
40%
Fiji
40%
Finland
40%
Finland
40%
Finland
40%
Finland
40%
Finland
40%
Finland
40%
Finland
40%
Finland
40%
Finland
40%
Finland
40%
France
40%
France
40%
France
40%
France
40%
France
40%
France
40%
France
40%
France
40%
France
40%
France
40%
Gabon
40%
Gabon
40%
Gabon
40%
Gabon
40%
Gabon
40%
Gabon
40%
Gabon
40%
Gabon
40%
Gabon
40%
Gabon
40%
Gambia
40%
Gambia
40%
Gambia
40%
Gambia
40%
Gambia
40%
Gambia
40%
Gambia
40%
Gambia
40%
Gambia
40%
Gambia
40%
Georgia
40%
Georgia
40%
Georgia
40%
Georgia
40%
Georgia
40%
Georgia
40%
Georgia
40%
Georgia
40%
Georgia
40%
Georgia
40%
Germany
40%
Germany
40%
Germany
40%
Germany
40%
Germany
40%
Germany
40%
Germany
40%
Germany
40%
Germany
40%
Germany
40%
Ghana
40%
Ghana
40%
Ghana
40%
Ghana
40%
Ghana
40%
Ghana
40%
Ghana
40%
Ghana
40%
Ghana
40%
Ghana
40%
Greece
40%
Greece
40%
Greece
40%
Greece
40%
Greece
40%
Greece
40%
Greece
40%
Greece
40%
Greece
40%
Greece
40%
Grenada
40%
Grenada
40%
Grenada
40%
Grenada
40%
Grenada
40%
Grenada
40%
Grenada
40%
Grenada
40%
Grenada
40%
Grenada
40%
Guatemala
40%
Guatemala
40%
Guatemala
40%
Guatemala
40%
Guatemala
40%
Guatemala
40%
Guatemala
40%
Guatemala
40%
Guatemala
40%
Guatemala
40%
Guinea
40%
Guinea
40%
Guinea
40%
Guinea
40%
Guinea
40%
Guinea
40%
Guinea
40%
Guinea
40%
Guinea
40%
Guinea
40%
Guinea-Bissau
40%
Guinea-Bissau
40%
Guinea-Bissau
40%
Guinea-Bissau
40%
Guinea-Bissau
40%
Guinea-Bissau
40%
Guinea-Bissau
40%
Guinea-Bissau
40%
Guinea-Bissau
40%
Guinea-Bissau
40%
Guyana
40%
Guyana
40%
Guyana
40%
Guyana
40%
Guyana
40%
Guyana
40%
Guyana
40%
Guyana
40%
Guyana
40%
Guyana
40%
Haiti
40%
Haiti
40%
Haiti
40%
Haiti
40%
Haiti
40%
Haiti
40%
Haiti
40%
Haiti
40%
Haiti
40%
Haiti
40%
Honduras
40%
Honduras
40%
Honduras
40%
Honduras
40%
Honduras
40%
Honduras
40%
Honduras
40%
Honduras
40%
Honduras
40%
Honduras
40%
Hungary
40%
Hungary
40%
Hungary
40%
Hungary
40%
Hungary
40%
Hungary
40%
Hungary
40%
Hungary
40%
Hungary
40%
Hungary
40%
Iceland
40%
Iceland
40%
Iceland
40%
Iceland
40%
Iceland
40%
Iceland
40%
Iceland
40%
Iceland
40%
Iceland
40%
Iceland
40%
India
40%
India
40%
India
40%
India
40%
India
40%
India
40%
India
40%
India
40%
India
40%
India
40%
Indonesia
40%
Indonesia
40%
Indonesia
40%
Indonesia
40%
Indonesia
40%
Indonesia
40%
Indonesia
40%
Indonesia
40%
Indonesia
40%
Indonesia
40%
Iran
40%
Iran
40%
Iran
40%
Iran
40%
Iran
40%
Iran
40%
Iran
40%
Iran
40%
Iran
40%
Iran
40%
Iraq
40%
Iraq
40%
Iraq
40%
Iraq
40%
Iraq
40%
Iraq
40%
Iraq
40%
Iraq
40%
Iraq
40%
Iraq
40%
Ireland
40%
Ireland
40%
Ireland
40%
Ireland
40%
Ireland
40%
Ireland
40%
Ireland
40%
Ireland
40%
Ireland
40%
Ireland
40%
Israel
40%
Israel
40%
Israel
40%
Israel
40%
Israel
40%
Israel
40%
Israel
40%
Israel
40%
Israel
40%
Israel
40%
Italy
40%
Italy
40%
Italy
40%
Italy
40%
Italy
40%
Italy
40%
Italy
40%
Italy
40%
Italy
40%
Italy
40%
Ivory Coast
40%
Ivory Coast
40%
Ivory Coast
40%
Ivory Coast
40%
Ivory Coast
40%
Ivory Coast
40%
Ivory Coast
40%
Ivory Coast
40%
Ivory Coast
40%
Ivory Coast
40%
Jamaica
40%
Jamaica
40%
Jamaica
40%
Jamaica
40%
Jamaica
40%
Jamaica
40%
Jamaica
40%
Jamaica
40%
Jamaica
40%
Jamaica
40%
Japan
40%
Japan
40%
Japan
40%
Japan
40%
Japan
40%
Japan
40%
Japan
40%
Japan
40%
Japan
40%
Japan
40%
Jordan
40%
Jordan
40%
Jordan
40%
Jordan
40%
Jordan
40%
Jordan
40%
Jordan
40%
Jordan
40%
Jordan
40%
Jordan
40%
Kazakhstan
40%
Kazakhstan
40%
Kazakhstan
40%
Kazakhstan
40%
Kazakhstan
40%
Kazakhstan
40%
Kazakhstan
40%
Kazakhstan
40%
Kazakhstan
40%
Kazakhstan
40%
Kenya
40%
Kenya
40%
Kenya
40%
Kenya
40%
Kenya
40%
Kenya
40%
Kenya
40%
Kenya
40%
Kenya
40%
Kenya
40%
Kiribati
40%
Kiribati
40%
Kiribati
40%
Kiribati
40%
Kiribati
40%
Kiribati
40%
Kiribati
40%
Kiribati
40%
Kiribati
40%
Kiribati
40%
Kosovo
40%
Kosovo
40%
Kosovo
40%
Kosovo
40%
Kosovo
40%
Kosovo
40%
Kosovo
40%
Kosovo
40%
Kosovo
40%
Kosovo
40%
Kuwait
40%
Kuwait
40%
Kuwait
40%
Kuwait
40%
Kuwait
40%
Kuwait
40%
Kuwait
40%
Kuwait
40%
Kuwait
40%
Kuwait
40%
Kyrgyzstan
40%
Kyrgyzstan
40%
Kyrgyzstan
40%
Kyrgyzstan
40%
Kyrgyzstan
40%
Kyrgyzstan
40%
Kyrgyzstan
40%
Kyrgyzstan
40%
Kyrgyzstan
40%
Kyrgyzstan
40%
Laos
40%
Laos
40%
Laos
40%
Laos
40%
Laos
40%
Laos
40%
Laos
40%
Laos
40%
Laos
40%
Laos
40%
Latvia
40%
Latvia
40%
Latvia
40%
Latvia
40%
Latvia
40%
Latvia
40%
Latvia
40%
Latvia
40%
Latvia
40%
Latvia
40%
Lebanon
40%
Lebanon
40%
Lebanon
40%
Lebanon
40%
Lebanon
40%
Lebanon
40%
Lebanon
40%
Lebanon
40%
Lebanon
40%
Lebanon
40%
Lesotho
40%
Lesotho
40%
Lesotho
40%
Lesotho
40%
Lesotho
40%
Lesotho
40%
Lesotho
40%
Lesotho
40%
Lesotho
40%
Lesotho
40%
Liberia
40%
Liberia
40%
Liberia
40%
Liberia
40%
Liberia
40%
Liberia
40%
Liberia
40%
Liberia
40%
Liberia
40%
Liberia
40%
Libya
40%
Libya
40%
Libya
40%
Libya
40%
Libya
40%
Libya
40%
Libya
40%
Libya
40%
Libya
40%
Libya
40%
Liechtenstein
40%
Liechtenstein
40%
Liechtenstein
40%
Liechtenstein
40%
Liechtenstein
40%
Liechtenstein
40%
Liechtenstein
40%
Liechtenstein
40%
Liechtenstein
40%
Liechtenstein
40%
Lithuania
40%
Lithuania
40%
Lithuania
40%
Lithuania
40%
Lithuania
40%
Lithuania
40%
Lithuania
40%
Lithuania
40%
Lithuania
40%
Lithuania
40%
Luxembourg
40%
Luxembourg
40%
Luxembourg
40%
Luxembourg
40%
Luxembourg
40%
Luxembourg
40%
Luxembourg
40%
Luxembourg
40%
Luxembourg
40%
Luxembourg
40%
Madagascar
40%
Madagascar
40%
Madagascar
40%
Madagascar
40%
Madagascar
40%
Madagascar
40%
Madagascar
40%
Madagascar
40%
Madagascar
40%
Madagascar
40%
Malawi
40%
Malawi
40%
Malawi
40%
Malawi
40%
Malawi
40%
Malawi
40%
Malawi
40%
Malawi
40%
Malawi
40%
Malawi
40%
Malaysia
40%
Malaysia
40%
Malaysia
40%
Malaysia
40%
Malaysia
40%
Malaysia
40%
Malaysia
40%
Malaysia
40%
Malaysia
40%
Malaysia
40%
Maldives
40%
Maldives
40%
Maldives
40%
Maldives
40%
Maldives
40%
Maldives
40%
Maldives
40%
Maldives
40%
Maldives
40%
Maldives
40%
Mali
40%
Mali
40%
Mali
40%
Mali
40%
Mali
40%
Mali
40%
Mali
40%
Mali
40%
Mali
40%
Mali
40%
Malta
40%
Malta
40%
Malta
40%
Malta
40%
Malta
40%
Malta
40%
Malta
40%
Malta
40%
Malta
40%
Malta
40%
Marshall Islands
40%
Marshall Islands
40%
Marshall Islands
40%
Marshall Islands
40%
Marshall Islands
40%
Marshall Islands
40%
Marshall Islands
40%
Marshall Islands
40%
Marshall Islands
40%
Marshall Islands
40%
Mauritania
40%
Mauritania
40%
Mauritania
40%
Mauritania
40%
Mauritania
40%
Mauritania
40%
Mauritania
40%
Mauritania
40%
Mauritania
40%
Mauritania
40%
Mauritius
40%
Mauritius
40%
Mauritius
40%
Mauritius
40%
Mauritius
40%
Mauritius
40%
Mauritius
40%
Mauritius
40%
Mauritius
40%
Mauritius
40%
Mexico
40%
Mexico
40%
Mexico
40%
Mexico
40%
Mexico
40%
Mexico
40%
Mexico
40%
Mexico
40%
Mexico
40%
Mexico
40%
Moldova
40%
Moldova
40%
Moldova
40%
Moldova
40%
Moldova
40%
Moldova
40%
Moldova
40%
Moldova
40%
Moldova
40%
Moldova
40%
Monaco
40%
Monaco
40%
Monaco
40%
Monaco
40%
Monaco
40%
Monaco
40%
Monaco
40%
Monaco
40%
Monaco
40%
Monaco
40%
Mongolia
40%
Mongolia
40%
Mongolia
40%
Mongolia
40%
Mongolia
40%
Mongolia
40%
Mongolia
40%
Mongolia
40%
Mongolia
40%
Mongolia
40%
Montenegro
40%
Montenegro
40%
Montenegro
40%
Montenegro
40%
Montenegro
40%
Montenegro
40%
Montenegro
40%
Montenegro
40%
Montenegro
40%
Montenegro
40%
Morocco
40%
Morocco
40%
Morocco
40%
Morocco
40%
Morocco
40%
Morocco
40%
Morocco
40%
Morocco
40%
Morocco
40%
Morocco
40%
Mozambique
40%
Mozambique
40%
Mozambique
40%
Mozambique
40%
Mozambique
40%
Mozambique
40%
Mozambique
40%
Mozambique
40%
Mozambique
40%
Mozambique
40%
Myanmar
40%
Myanmar
40%
Myanmar
40%
Myanmar
40%
Myanmar
40%
Myanmar
40%
Myanmar
40%
Myanmar
40%
Myanmar
40%
Myanmar
40%
Namibia
40%
Namibia
40%
Namibia
40%
Namibia
40%
Namibia
40%
Namibia
40%
Namibia
40%
Namibia
40%
Namibia
40%
Namibia
40%
Nauru
40%
Nauru
40%
Nauru
40%
Nauru
40%
Nauru
40%
Nauru
40%
Nauru
40%
Nauru
40%
Nauru
40%
Nauru
40%
Nepal
40%
Nepal
40%
Nepal
40%
Nepal
40%
Nepal
40%
Nepal
40%
Nepal
40%
Nepal
40%
Nepal
40%
Nepal
40%
Netherlands
40%
Netherlands
40%
Netherlands
40%
Netherlands
40%
Netherlands
40%
Netherlands
40%
Netherlands
40%
Netherlands
40%
Netherlands
40%
Netherlands
40%
New Zealand
40%
New Zealand
40%
New Zealand
40%
New Zealand
40%
New Zealand
40%
New Zealand
40%
New Zealand
40%
New Zealand
40%
New Zealand
40%
New Zealand
40%
Nicaragua
40%
Nicaragua
40%
Nicaragua
40%
Nicaragua
40%
Nicaragua
40%
Nicaragua
40%
Nicaragua
40%
Nicaragua
40%
Nicaragua
40%
Nicaragua
40%
Niger
40%
Niger
40%
Niger
40%
Niger
40%
Niger
40%
Niger
40%
Niger
40%
Niger
40%
Niger
40%
Niger
40%
Nigeria
40%
Nigeria
40%
Nigeria
40%
Nigeria
40%
Nigeria
40%
Nigeria
40%
Nigeria
40%
Nigeria
40%
Nigeria
40%
Nigeria
40%
North Korea
40%
North Korea
40%
North Korea
40%
North Korea
40%
North Korea
40%
North Korea
40%
North Korea
40%
North Korea
40%
North Korea
40%
North Korea
40%
North Macedonia
40%
North Macedonia
40%
North Macedonia
40%
North Macedonia
40%
North Macedonia
40%
North Macedonia
40%
North Macedonia
40%
North Macedonia
40%
North Macedonia
40%
North Macedonia
40%
Norway
40%
Norway
40%
Norway
40%
Norway
40%
Norway
40%
Norway
40%
Norway
40%
Norway
40%
Norway
40%
Norway
40%
Oman
40%
Oman
40%
Oman
40%
Oman
40%
Oman
40%
Oman
40%
Oman
40%
Oman
40%
Oman
40%
Oman
40%
Pakistan
40%
Pakistan
40%
Pakistan
40%
Pakistan
40%
Pakistan
40%
Pakistan
40%
Pakistan
40%
Pakistan
40%
Pakistan
40%
Pakistan
40%
Palau
40%
Palau
40%
Palau
40%
Palau
40%
Palau
40%
Palau
40%
Palau
40%
Palau
40%
Palau
40%
Palau
40%
Panama
40%
Panama
40%
Panama
40%
Panama
40%
Panama
40%
Panama
40%
Panama
40%
Panama
40%
Panama
40%
Panama
40%
Papua New Guinea
40%
Papua New Guinea
40%
Papua New Guinea
40%
Papua New Guinea
40%
Papua New Guinea
40%
Papua New Guinea
40%
Papua New Guinea
40%
Papua New Guinea
40%
Papua New Guinea
40%
Papua New Guinea
40%
Paraguay
40%
Paraguay
40%
Paraguay
40%
Paraguay
40%
Paraguay
40%
Paraguay
40%
Paraguay
40%
Paraguay
40%
Paraguay
40%
Paraguay
40%
Peru
40%
Peru
40%
Peru
40%
Peru
40%
Peru
40%
Peru
40%
Peru
40%
Peru
40%
Peru
40%
Peru
40%
Philippines
40%
Philippines
40%
Philippines
40%
Philippines
40%
Philippines
40%
Philippines
40%
Philippines
40%
Philippines
40%
Philippines
40%
Philippines
40%
Poland
40%
Poland
40%
Poland
40%
Poland
40%
Poland
40%
Poland
40%
Poland
40%
Poland
40%
Poland
40%
Poland
40%
Portugal
40%
Portugal
40%
Portugal
40%
Portugal
40%
Portugal
40%
Portugal
40%
Portugal
40%
Portugal
40%
Portugal
40%
Portugal
40%
Qatar
40%
Qatar
40%
Qatar
40%
Qatar
40%
Qatar
40%
Qatar
40%
Qatar
40%
Qatar
40%
Qatar
40%
Qatar
40%
Republic of the Congo
40%
Republic of the Congo
40%
Republic of the Congo
40%
Republic of the Congo
40%
Republic of the Congo
40%
Republic of the Congo
40%
Republic of the Congo
40%
Republic of the Congo
40%
Republic of the Congo
40%
Republic of the Congo
40%
Romania
40%
Romania
40%
Romania
40%
Romania
40%
Romania
40%
Romania
40%
Romania
40%
Romania
40%
Romania
40%
Seychelles
40%
Seychelles
40%
Seychelles
40%
Seychelles
40%
Seychelles
40%
Seychelles
40%
Seychelles
40%
Seychelles
40%
Seychelles
40%
Seychelles
40%
Sierra Leone
40%
Sierra Leone
40%
Sierra Leone
40%
Sierra Leone
40%
Sierra Leone
40%
Sierra Leone
40%
Sierra Leone
40%
Sierra Leone
40%
Sierra Leone
40%
Sierra Leone
40%
Singapore
40%
Singapore
40%
Singapore
40%
Singapore
40%
Singapore
40%
Singapore
40%
Singapore
40%
Singapore
40%
Singapore
40%
Singapore
40%
Slovakia
40%
Slovakia
40%
Slovakia
40%
Slovakia
40%
Slovakia
40%
Slovakia
40%
Slovakia
40%
Slovakia
40%
Slovakia
40%
Slovakia
40%
Slovenia
40%
Slovenia
40%
Slovenia
40%
Slovenia
40%
Slovenia
40%
Slovenia
40%
Slovenia
40%
Slovenia
40%
Slovenia
40%
Slovenia
40%
Solomon Islands
40%
Solomon Islands
40%
Solomon Islands
40%
Solomon Islands
40%
Solomon Islands
40%
Solomon Islands
40%
Solomon Islands
40%
Solomon Islands
40%
Solomon Islands
40%
Solomon Islands
40%
Somalia
40%
Somalia
40%
Somalia
40%
Somalia
40%
Somalia
40%
Somalia
40%
Somalia
40%
Somalia
40%
Somalia
40%
Somalia
40%
South Africa
40%
South Africa
40%
South Africa
40%
South Africa
40%
South Africa
40%
South Africa
40%
South Africa
40%
South Africa
40%
South Africa
40%
South Africa
40%
South Korea
40%
South Korea
40%
South Korea
40%
South Korea
40%
South Korea
40%
South Korea
40%
South Korea
40%
South Korea
40%
South Korea
40%
South Korea
40%
South Sudan
40%
South Sudan
40%
South Sudan
40%
South Sudan
40%
South Sudan
40%
South Sudan
40%
South Sudan
40%
South Sudan
40%
South Sudan
40%
South Sudan
40%
Spain
40%
Spain
40%
Spain
40%
Spain
40%
Spain
40%
Spain
40%
Spain
40%
Spain
40%
Spain
40%
Spain
40%
Sri Lanka
40%
Sri Lanka
40%
Sri Lanka
40%
Sri Lanka
40%
Sri Lanka
40%
Sri Lanka
40%
Sri Lanka
40%
Sri Lanka
40%
Sri Lanka
40%
Sri Lanka
40%
Sudan
40%
Sudan
40%
Sudan
40%
Sudan
40%
Sudan
40%
Sudan
40%
Sudan
40%
Sudan
40%
Sudan
40%
Sudan
40%
Suriname
40%
Suriname
40%
Suriname
40%
Suriname
40%
Suriname
40%
Suriname
40%
Suriname
40%
Suriname
40%
Suriname
40%
Suriname
40%
Sweden
40%
Sweden
40%
Sweden
40%
Sweden
40%
Sweden
40%
Sweden
40%
Sweden
40%
Sweden
40%
Sweden
40%
Sweden
40%
Switzerland
40%
Switzerland
40%
Switzerland
40%
Switzerland
40%
Switzerland
40%
Switzerland
40%
Switzerland
40%
Switzerland
40%
Switzerland
40%
Switzerland
40%
Syria
40%
Syria
40%
Syria
40%
Syria
40%
Syria
40%
Syria
40%
Syria
40%
Syria
40%
Syria
40%
Syria
40%
Taiwan
40%
Taiwan
40%
Taiwan
40%
Taiwan
40%
Taiwan
40%
Taiwan
40%
Taiwan
40%
Taiwan
40%
Taiwan
40%
Taiwan
40%
Tajikistan
40%
Tajikistan
40%
Tajikistan
40%
Tajikistan
40%
Tajikistan
40%
Tajikistan
40%
Tajikistan
40%
Tajikistan
40%
Tajikistan
40%
Tajikistan
40%
Tanzania
40%
Tanzania
40%
Tanzania
40%
Tanzania
40%
Tanzania
40%
Tanzania
40%
Tanzania
40%
Tanzania
40%
Tanzania
40%
Tanzania
40%
Thailand
40%
Thailand
40%
Thailand
40%
Thailand
40%
Thailand
40%
Thailand
40%
Thailand
40%
Thailand
40%
Thailand
40%
Thailand
40%
Togo
40%
Togo
40%
Togo
40%
Togo
40%
Togo
40%
Togo
40%
Togo
40%
Togo
40%
Togo
40%
Togo
40%
Tonga
40%
Tonga
40%
Tonga
40%
Tonga
40%
Tonga
40%
Tonga
40%
Tonga
40%
Tonga
40%
Tonga
40%
Tonga
40%
Trinidad and Tobago
40%
Trinidad and Tobago
40%
Trinidad and Tobago
40%
Trinidad and Tobago
40%
Trinidad and Tobago
40%
Trinidad and Tobago
40%
Trinidad and Tobago
40%
Trinidad and Tobago
40%
Trinidad and Tobago
40%
Trinidad and Tobago
40%
Tunisia
40%
Tunisia
40%
Tunisia
40%
Tunisia
40%
Tunisia
40%
Tunisia
40%
Tunisia
40%
Tunisia
40%
Tunisia
40%
Tunisia
40%
Turkey
40%
Turkey
40%
Turkey
40%
Turkey
40%
Turkey
40%
Turkey
40%
Turkey
40%
Turkey
40%
Turkey
40%
Turkey
40%
Turkmenistan
40%
Turkmenistan
40%
Turkmenistan
40%
Turkmenistan
40%
Turkmenistan
40%
Turkmenistan
40%
Turkmenistan
40%
Turkmenistan
40%
Turkmenistan
40%
Turkmenistan
40%
Tuvalu
40%
Tuvalu
40%
Tuvalu
40%
Tuvalu
40%
Tuvalu
40%
Tuvalu
40%
Tuvalu
40%
Tuvalu
40%
Tuvalu
40%
Tuvalu
40%
Uganda
40%
Uganda
40%
Uganda
40%
Uganda
40%
Uganda
40%
Uganda
40%
Uganda
40%
Uganda
40%
Uganda
40%
Uganda
40%
Ukraine
40%
Ukraine
40%
Ukraine
40%
Ukraine
40%
Ukraine
40%
Ukraine
40%
Ukraine
40%
Ukraine
40%
Ukraine
40%
Ukraine
40%
United Arab Emirates
40%
United Arab Emirates
40%
United Arab Emirates
40%
United Arab Emirates
40%
United Arab Emirates
40%
United Arab Emirates
40%
United Arab Emirates
40%
United Arab Emirates
40%
United Arab Emirates
40%
United Arab Emirates
40%
United Kingdom
40%
United Kingdom
40%
United Kingdom
40%
United Kingdom
40%
United Kingdom
40%
United Kingdom
40%
United Kingdom
40%
United Kingdom
40%
United Kingdom
40%
United Kingdom
40%
United States
40%
United States
40%
United States
40%
United States
40%
United States
40%
United States
40%
United States
40%
United States
40%
United States
40%
United States
40%
Uruguay
40%
Uruguay
40%
Uruguay
40%
Uruguay
40%
Uruguay
40%
Uruguay
40%
Uruguay
40%
Uruguay
40%
Uruguay
40%
Uruguay
40%
Uzbekistan
40%
Uzbekistan
40%
Uzbekistan
40%
Uzbekistan
40%
Uzbekistan
40%
Uzbekistan
40%
Uzbekistan
40%
Uzbekistan
40%
Uzbekistan
40%
Uzbekistan
40%
Vanuatu
40%
Vanuatu
40%
Vanuatu
40%
Vanuatu
40%
Vanuatu
40%
Vanuatu
40%
Vanuatu
40%
Vanuatu
40%
Vanuatu
40%
Vanuatu
40%
Vatican City
40%
Vatican City
40%
Vatican City
40%
Vatican City
40%
Vatican City
40%
Vatican City
40%
Vatican City
40%
Vatican City
40%
Vatican City
40%
Vatican City
40%
Venezuela
40%
Venezuela
40%
Venezuela
40%
Venezuela
40%
Venezuela
40%
Venezuela
40%
Venezuela
40%
Venezuela
40%
Venezuela
40%
Venezuela
40%
Vietnam
40%
Vietnam
40%
Vietnam
40%
Vietnam
40%
Vietnam
40%
Vietnam
40%
Vietnam
40%
Vietnam
40%
Vietnam
40%
Vietnam
40%
Yemen
40%
Yemen
40%
Yemen
40%
Yemen
40%
Yemen
40%
Yemen
40%
Yemen
40%
Yemen
40%
Yemen
40%
Yemen
40%
Zambia
40%
Zambia
40%
Zambia
40%
Zambia
40%
Zambia
40%
Zambia
40%
Zambia
40%
Zambia
40%
Zambia
40%
Zambia
40%
Zimbabwe
40%
Zimbabwe
40%
Zimbabwe
40%
Zimbabwe
40%
Zimbabwe
40%
Zimbabwe
40%
Zimbabwe
40%
Zimbabwe
40%
Zimbabwe
40%
Zimbabwe
40%
Romania
20%
Russia
20%
Russia
20%
Russia
20%
Russia
20%
Russia
20%
Russia
20%
Russia
20%
Russia
20%
Russia
20%
Russia
20%
Rwanda
20%
Rwanda
20%
Rwanda
20%
Rwanda
20%
Rwanda
20%
Rwanda
20%
Rwanda
20%
Rwanda
20%
Rwanda
20%
Rwanda
20%
Saint Kitts and Nevis
20%
Saint Kitts and Nevis
20%
Saint Kitts and Nevis
20%
Saint Kitts and Nevis
20%
Saint Kitts and Nevis
20%
Saint Kitts and Nevis
20%
Saint Kitts and Nevis
20%
Saint Kitts and Nevis
20%
Saint Kitts and Nevis
20%
Saint Kitts and Nevis
20%
Saint Lucia
20%
Saint Lucia
20%
Saint Lucia
20%
Saint Lucia
20%
Saint Lucia
20%
Saint Lucia
20%
Saint Lucia
20%
Saint Lucia
20%
Saint Lucia
20%
Saint Lucia
20%
Saint Vincent and the Grenadines
20%
Saint Vincent and the Grenadines
20%
Saint Vincent and the Grenadines
20%
Saint Vincent and the Grenadines
20%
Saint Vincent and the Grenadines
20%
Saint Vincent and the Grenadines
20%
Saint Vincent and the Grenadines
20%
Saint Vincent and the Grenadines
20%
Saint Vincent and the Grenadines
20%
Saint Vincent and the Grenadines
20%
Samoa
20%
Samoa
20%
Samoa
20%
Samoa
20%
Samoa
20%
Samoa
20%
Samoa
20%
Samoa
20%
Samoa
20%
Samoa
20%
San Marino
20%
San Marino
20%
San Marino
20%
San Marino
20%
San Marino
20%
San Marino
20%
San Marino
20%
San Marino
20%
San Marino
20%
San Marino
20%
Sao Tome and Principe
20%
Sao Tome and Principe
20%
Sao Tome and Principe
20%
Sao Tome and Principe
20%
Sao Tome and Principe
20%
Sao Tome and Principe
20%
Sao Tome and Principe
20%
Sao Tome and Principe
20%
Sao Tome and Principe
20%
Sao Tome and Principe
20%
Saudi Arabia
20%
Saudi Arabia
20%
Saudi Arabia
20%
Saudi Arabia
20%
Saudi Arabia
20%
Saudi Arabia
20%
Saudi Arabia
20%
Saudi Arabia
20%
Saudi Arabia
20%
Saudi Arabia
20%
Senegal
20%
Senegal
20%
Senegal
20%
Senegal
20%
Senegal
20%
Senegal
20%
Senegal
20%
Senegal
20%
Senegal
20%
Senegal
20%
Serbia
20%
Serbia
20%
Serbia
20%
Serbia
20%
Serbia
20%
Serbia
20%
Serbia
20%
Serbia
20%
Serbia
20%
Serbia
20%
No matching quizzes found
Score Distribution
Percent of People with Each Score
Percentile by Number Answered
Your Score History
You have not taken this quiz